[Event "WC-2017-Q-00002"]
[Site "LSS email"]
[Date "2017.08.22"]
[Round "?"]
[White "Launhardt, Wolfgang"]
[Black "Martin, Angel"]
[Result "1/2-1/2"]
[WhiteElo "2281"]
[BlackElo "2410"]
[PlyCount "85"]
[EventDate "2017.09.01"]
[EventType "tourn (corr)"]
[EventRounds "12"]
[EventCountry "GER"]
[SourceTitle "Corr 2022"]
[Source "ChessBase"]
[SourceDate "2021.10.24"]
[SourceVersion "1"]
[SourceVersionDate "2021.10.24"]
[SourceQuality "1"]

1. d4 Nf6 2. c4 c5 3. e3 g6 4. d5 Bg7 5. Nf3 d6 6. Nc3 0-0 7. Be2 a6 8. 0-0 b5 9. cxb5 axb5 10. Bxb5 Ba6 11. a4 Bxb5 12. Nxb5 Na6 13. Nc3 Qb6 14. e4 Rfb8 15. Qe2 Nd7 16. Nd2 Nb4 17. Nc4 Qa6 18. Ra3 Nc2 19. Qxc2 Qxc4 20. Bg5 Kf8 21. Rd1 Ne5 22. b3 Qb4 23. Qc1 Ng4 24. Bd2 Qd4 25. Be1 Bh6 26. Qxh6+ Nxh6 27. Rxd4 cxd4 28. Ne2 d3 29. Nf4 f5 30. Bd2 Kf7 31. f3 fxe4 32. fxe4 Ng4 33. Nxd3 Rc8 34. Kf1 Nf6 35. Nf2 e6 36. dxe6+ Kxe6 37. Ke2 d5 38. exd5+ Nxd5 39. b4 Rc2 40. Nd3 Kd6 41. a5 Rac8 42. Kd1 R2c4 43. Ke1 1/2-1/2

[Event "WC-2017-S-00004"]
[Site "LSS email"]
[Date "2017.05.17"]
[Round "?"]
[White "Fernandez, Javier Horacio"]
[Black "Launhardt, Wolfgang"]
[Result "1/2-1/2"]
[WhiteElo "2305"]
[BlackElo "2280"]
[PlyCount "97"]
[EventDate "2017.06.01"]
[EventType "tourn (corr)"]
[EventRounds "12"]
[EventCountry "GER"]
[SourceTitle "Corr 2024"]
[Source "ChessBase"]
[SourceDate "2023.10.19"]
[SourceVersion "1"]
[SourceVersionDate "2023.10.19"]
[SourceQuality "1"]

1. d4 Nf6 2. c4 g6 3. Nc3 Bg7 4. e4 0-0 5. Nf3 d6 6. Be2 Na6 7. 0-0 e5 8. Be3 Ng4 9. Bg5 f6 10. Bc1 Nh6 11. Rb1 Nf7 12. dxe5 dxe5 13. b4 c6 14. b5 Qxd1 15. Rxd1 Nc7 16. Be3 f5 17. a4 f4 18. Bc1 Ne6 19. a5 Rd8 20. Rxd8+ Nexd8 21. h3 g5 22. Bb2 g4 23. hxg4 Bxg4 24. bxc6 bxc6 25. Ba1 h5 26. Na4 Ne6 27. c5 h4 28. Bc3 Bxf3 29. Bxf3 Nd4 30. Bg4 Ng5 31. Rb7 Nxe4 32. a6 Bf8 33. Ba5 Bxc5 34. Nxc5 Nxc5 35. Bc7 Nd3 36. Bh5 Kg7 37. Bxe5+ Kh6 38. Bxd4 Kxh5 39. Bc3 c5 40. f3 Kg5 41. Rd7 Nb4 42. Rc7 Nd3 43. Kh2 Kf5 44. Re7 Kg5 45. Rg7+ Kf5 46. Re7 Kg5 47. Rd7 Nb4 48. Kh3 Rg8 49. Re7 1/2-1/2

[Event "WC-2017-S-00004"]
[Site "LSS email"]
[Date "2017.05.17"]
[Round "?"]
[White "Markus, Roland"]
[Black "Launhardt, Wolfgang"]
[Result "1/2-1/2"]
[WhiteElo "2332"]
[BlackElo "2280"]
[PlyCount "113"]
[EventDate "2017.06.01"]
[EventType "tourn (corr)"]
[EventRounds "12"]
[EventCountry "GER"]
[SourceTitle "Corr 2024"]
[Source "ChessBase"]
[SourceDate "2023.10.19"]
[SourceVersion "1"]
[SourceVersionDate "2023.10.19"]
[SourceQuality "1"]

1. Nf3 Nf6 2. g3 b5 3. Bg2 Bb7 4. Na3 a6 5. c4 c5 6. cxb5 e6 7. 0-0 Be7 8. d4 0-0 9. dxc5 Bxc5 10. bxa6 Nxa6 11. Nc4 d5 12. Nce5 Ne4 13. Nd3 Bd6 14. a4 Nac5 15. Nd4 Ba6 16. Be3 Nxd3 17. exd3 Nf6 18. Qd2 e5 19. Nf5 Rb8 20. Rfc1 Bb4 21. Qd1 Bc8 22. Qf3 d4 23. Bg5 Bb7 24. Qe2 Bxg2 25. Kxg2 Re8 26. Qf3 Re6 27. a5 Bxa5 28. Rc6 e4 29. dxe4 Rxc6 30. e5 Rc5 31. exf6 h6 32. Ne7+ Kh7 33. fxg7 Rxg5 34. Nc6 Qd5 35. Qxd5 Rxd5 36. Nxb8 Bb6 37. Nc6 Rb5 38. b4 Kxg7 39. f4 d3 40. Rd1 Rd5 41. Ne5 d2 42. Nc4 Rb5 43. Rxd2 Rxb4 44. Nxb6 Rxb6 45. Ra2 Kg6 46. Kh3 h5 47. Kh4 Rb5 48. Rd2 f6 49. Ra2 Kf7 50. Ra7+ Kg6 51. h3 Rd5 52. Re7 Rc5 53. Re8 Kf7 54. Rd8 Kg7 55. Rd6 Kf7 56. Ra6 Kg7 57. Ra7+ 1/2-1/2

[Event "WC-2017-S-00004"]
[Site "LSS email"]
[Date "2017.05.17"]
[Round "?"]
[White "Oliveira, Marcio B"]
[Black "Launhardt, Wolfgang"]
[Result "1/2-1/2"]
[WhiteElo "2296"]
[BlackElo "2280"]
[PlyCount "40"]
[EventDate "2017.06.01"]
[EventType "tourn (corr)"]
[EventRounds "12"]
[EventCountry "GER"]
[SourceTitle "Corr 2024"]
[Source "ChessBase"]
[SourceDate "2023.10.19"]
[SourceVersion "1"]
[SourceVersionDate "2023.10.19"]
[SourceQuality "1"]

1. Nf3 c5 2. e4 d6 3. d4 Nf6 4. Nc3 cxd4 5. Nxd4 h6 6. Be3 a6 7. Bc4 e6 8. 0-0 Qc7 9. Bb3 b5 10. f3 Be7 11. Qe1 0-0 12. Qg3 Nh5 13. Qf2 Bd7 14. a3 Nc6 15. Nxc6 Bxc6 16. Ne2 Nf6 17. Qg3 Nh5 18. Qf2 Nf6 19. Nd4 Bb7 20. Qg3 Nh5 1/2-1/2

[Event "CP-2016-Q-00003"]
[Site "LSS email"]
[Date "2016.11.23"]
[Round "?"]
[White "Launhardt, Wolfgang"]
[Black "Bormida, Adolfo"]
[Result "1-0"]
[WhiteElo "2294"]
[BlackElo "2393"]
[PlyCount "51"]
[EventDate "2016.12.01"]
[EventType "tourn (corr)"]
[EventRounds "6"]
[EventCountry "GER"]
[SourceTitle "Corr 2022"]
[Source "ChessBase"]
[SourceDate "2021.10.24"]
[SourceVersion "1"]
[SourceVersionDate "2021.10.24"]
[SourceQuality "1"]

1. d4 Nf6 2. c4 g6 3. Nc3 Bg7 4. g3 d5 5. cxd5 Nxd5 6. Bg2 Nb6 7. Nf3 Nc6 8. e3 0-0 9. 0-0 Re8 10. Re1 a5 11. Qe2 e5 12. Nxe5 Nxe5 13. dxe5 Bxe5 14. e4 Qe7 15. Be3 Bxc3 16. bxc3 Be6 17. Qf3 Nd7 18. Qf4 Rac8 19. e5 c6 20. h4 Bf5 21. g4 Be6 22. h5 Bd5 23. Bxd5 cxd5 24. Bd4 Nc5 25. e6 Nxe6 26. Qe5 1-0

[Event "CP-2016-Q-00003"]
[Site "LSS email"]
[Date "2016.11.23"]
[Round "?"]
[White "Meljnikova, Ekaterina"]
[Black "Launhardt, Wolfgang"]
[Result "1/2-1/2"]
[WhiteElo "2042"]
[BlackElo "2294"]
[PlyCount "80"]
[EventDate "2016.12.01"]
[EventType "tourn (corr)"]
[EventRounds "6"]
[EventCountry "GER"]
[SourceTitle "Corr 2022"]
[Source "ChessBase"]
[SourceDate "2021.10.24"]
[SourceVersion "1"]
[SourceVersionDate "2021.10.24"]
[SourceQuality "1"]

1. d4 g6 2. e4 Bg7 3. Nf3 d6 4. c4 Bg4 5. Be2 Nc6 6. Be3 Bxf3 7. Bxf3 e5 8. d5 Nd4 9. 0-0 Ne7 10. Nc3 c6 11. Be2 0-0 12. Rb1 f5 13. a4 cxd5 14. cxd5 a6 15. Kh1 Qb6 16. Bd3 Rac8 17. f3 Qb3 18. g4 Qxd1 19. Rbxd1 f4 20. Bd2 g5 21. Nb1 Ng6 22. Bb4 Nh4 23. Nd2 Rfd8 24. Kg1 Rd7 25. Kf2 Bf6 26. Nc4 Rxc4 27. Bxc4 Nhxf3 28. Be2 Nxh2 29. Rh1 Nxe2 30. Rxh2 Ng3 31. Kf3 Rc7 32. Be1 Nf1 33. Rh1 Ne3 34. Rd2 Nc2 35. Bf2 b5 36. axb5 axb5 37. Rd3 Nd4+ 38. Kg2 b4 39. Rh6 f3+ 40. Kg3 Kg7 1/2-1/2

[Event "CP-2016-P-00011"]
[Site "LSS email"]
[Date "2016.09.27"]
[Round "?"]
[White "Falco, Osvaldo"]
[Black "Launhardt, Wolfgang"]
[Result "0-1"]
[WhiteElo "1275"]
[BlackElo "2290"]
[PlyCount "50"]
[EventDate "2016.10.01"]
[EventType "tourn (corr)"]
[EventRounds "6"]
[EventCountry "GER"]
[SourceTitle "Corr 2022"]
[Source "ChessBase"]
[SourceDate "2021.10.24"]
[SourceVersion "1"]
[SourceVersionDate "2021.10.24"]
[SourceQuality "1"]

1. c4 g6 2. g3 Bg7 3. Bg2 e5 4. Nc3 d6 5. d3 f5 6. e4 Nc6 7. Nge2 Nf6 8. 0-0 0-0 9. Nd5 Be6 10. Bg5 Qd7 11. Qd2 Nh5 12. exf5 Bxf5 13. b4 Rae8 14. b5 Nd8 15. Bxd8 Rxd8 16. Nb4 a5 17. bxa6 bxa6 18. Nxa6 c5 19. Qa5 Bxd3 20. Bd5+ Kh8 21. Rfe1 Qf5 22. Nc7 Qxf2+ 23. Kh1 e4 24. Qd2 Nxg3+ 25. hxg3 Rf5 0-1

[Event "CP-2016-P-00011"]
[Site "LSS email"]
[Date "2016.09.27"]
[Round "?"]
[White "Launhardt, Wolfgang"]
[Black "Kalinin, Vyacheslav"]
[Result "1-0"]
[WhiteElo "2290"]
[BlackElo "1281"]
[PlyCount "49"]
[EventDate "2016.10.01"]
[EventType "tourn (corr)"]
[EventRounds "6"]
[EventCountry "GER"]
[SourceTitle "Corr 2022"]
[Source "ChessBase"]
[SourceDate "2021.10.24"]
[SourceVersion "1"]
[SourceVersionDate "2021.10.24"]
[SourceQuality "1"]

1. d4 d5 2. c4 e6 3. Nc3 Be7 4. Nf3 Nf6 5. Bf4 c6 6. e3 Nbd7 7. h3 0-0 8. Qc2 a6 9. Rd1 dxc4 10. Bxc4 b5 11. Bd3 h6 12. e4 Bb7 13. e5 Nd5 14. Nxd5 cxd5 15. Qd2 a5 16. 0-0 Re8 17. Bxh6 gxh6 18. Qxh6 Nf8 19. Rfe1 f5 20. g4 fxg4 21. Kh2 g3+ 22. Kxg3 Bh4+ 23. Nxh4 Re7 24. Rg1 Nh7 25. Kf3+ 1-0

[Event "CP-2016-S-00003"]
[Site "LSS email"]
[Date "2016.03.06"]
[Round "?"]
[White "Felicio, Clairton"]
[Black "Launhardt, Wolfgang"]
[Result "1/2-1/2"]
[WhiteElo "2376"]
[BlackElo "2287"]
[PlyCount "70"]
[EventDate "2016.03.10"]
[EventType "tourn (corr)"]
[EventRounds "7"]
[EventCountry "GER"]
[SourceTitle "Corr 2022"]
[Source "ChessBase"]
[SourceDate "2021.10.24"]
[SourceVersion "1"]
[SourceVersionDate "2021.10.24"]
[SourceQuality "1"]

1. d4 Nf6 2. c4 g6 3. Nf3 Bg7 4. Nc3 d6 5. e4 0-0 6. Be2 e5 7. 0-0 Na6 8. Rb1 c6 9. d5 Nc5 10. Bg5 h6 11. Bxf6 Qxf6 12. b4 Nd7 13. dxc6 bxc6 14. Qa4 Bb7 15. Rfd1 Rfd8 16. Nd2 Qe7 17. Nb3 Nb6 18. Qa3 d5 19. c5 d4 20. Na4 Nxa4 21. Qxa4 h5 22. Na5 Qc7 23. Nxb7 Qxb7 24. b5 cxb5 25. Bxb5 Rab8 26. c6 Qc7 27. Bc4 Bf8 28. g3 Rxb1 29. Rxb1 Rb8 30. Rb3 Rxb3 31. axb3 a5 32. Qb5 Bb4 33. Qd5 Bd6 34. h4 Kg7 35. Kg2 Kf6 1/2-1/2

[Event "CP-2016-S-00003"]
[Site "LSS email"]
[Date "2016.03.06"]
[Round "?"]
[White "Filin, Evgeny"]
[Black "Launhardt, Wolfgang"]
[Result "1-0"]
[WhiteElo "2324"]
[BlackElo "2287"]
[PlyCount "95"]
[EventDate "2016.03.10"]
[EventType "tourn (corr)"]
[EventRounds "7"]
[EventCountry "GER"]
[SourceTitle "Corr 2022"]
[Source "ChessBase"]
[SourceDate "2021.10.24"]
[SourceVersion "1"]
[SourceVersionDate "2021.10.24"]
[SourceQuality "1"]

1. d4 Nf6 2. c4 g6 3. Nc3 Bg7 4. e4 d6 5. Nf3 0-0 6. h3 e5 7. d5 Nbd7 8. Bg5 Nc5 9. b4 Ncd7 10. a3 a5 11. Rc1 h6 12. Be3 Nxe4 13. Nxe4 axb4 14. axb4 f5 15. Bd3 fxe4 16. Bxe4 g5 17. Bg6 Nf6 18. Nh2 Bd7 19. 0-0 b5 20. cxb5 Bxb5 21. Re1 Rb8 22. Ng4 Bd7 23. Rb1 Qe7 24. Nxf6+ Bxf6 25. Qc2 Rb7 26. Bd3 Rfb8 27. Qc3 Ra8 28. Be4 Qg7 29. Rb3 Rab8 30. Ra1 Bf5 31. Bxf5 e4 32. Be6+ Kh7 33. Qc4 Bxa1 34. h4 g4 35. Qxe4+ Kh8 36. Bxg4 Be5 37. g3 Rf8 38. Bf5 Rbb8 39. Kg2 Ra8 40. f4 Bf6 41. Bg6 Qe7 42. Qxe7 Bxe7 43. Rc3 Kg7 44. h5 Bd8 45. Kf3 Rc8 46. g4 Rb8 47. Rc4 Kg8 48. Ke4 1-0

[Event "CP-2016-S-00003"]
[Site "LSS email"]
[Date "2016.03.06"]
[Round "?"]
[White "Launhardt, Wolfgang"]
[Black "Astroukh, Vitalij"]
[Result "1/2-1/2"]
[WhiteElo "2287"]
[BlackElo "2360"]
[PlyCount "53"]
[EventDate "2016.03.10"]
[EventType "tourn (corr)"]
[EventRounds "7"]
[EventCountry "GER"]
[SourceTitle "Corr 2022"]
[Source "ChessBase"]
[SourceDate "2021.10.24"]
[SourceVersion "1"]
[SourceVersionDate "2021.10.24"]
[SourceQuality "1"]

1. d4 Nf6 2. c4 e6 3. g3 d5 4. Nf3 c6 5. Nbd2 Be7 6. Qc2 0-0 7. Bg2 b6 8. 0-0 Bb7 9. b3 Nbd7 10. Bb2 Rc8 11. e4 c5 12. exd5 exd5 13. Rad1 dxc4 14. Nxc4 b5 15. d5 bxc4 16. d6 cxb3 17. Qxb3 Bc6 18. dxe7 Qxe7 19. Rfe1 Qd8 20. Ne5 Bxg2 21. Kxg2 Qc7 22. Nxd7 Nxd7 23. Re7 Qc6+ 24. Qf3 Qxf3+ 25. Kxf3 Nb6 26. Rxa7 Ra8 27. Rxa8 1/2-1/2

[Event "CP-2016-S-00003"]
[Site "LSS email"]
[Date "2016.03.06"]
[Round "?"]
[White "Launhardt, Wolfgang"]
[Black "Kuzmin, Konstantin"]
[Result "1/2-1/2"]
[WhiteElo "2287"]
[BlackElo "2373"]
[PlyCount "26"]
[EventDate "2016.03.10"]
[EventType "tourn (corr)"]
[EventRounds "7"]
[EventCountry "GER"]
[SourceTitle "Corr 2022"]
[Source "ChessBase"]
[SourceDate "2021.10.24"]
[SourceVersion "1"]
[SourceVersionDate "2021.10.24"]
[SourceQuality "1"]

1. Nf3 Nf6 2. c4 e6 3. d4 d5 4. Nc3 Be7 5. Bf4 0-0 6. e3 Nbd7 7. a3 c5 8. dxc5 Nxc5 9. cxd5 Nxd5 10. Nxd5 Qxd5 11. Qxd5 exd5 12. Be2 Bf5 13. Nd4 Bd7 1/2-1/2

[Event "CP-2015-P-00013"]
[Site "LSS email"]
[Date "2015.09.28"]
[Round "?"]
[White "Hlavica, Bretislav"]
[Black "Launhardt, Wolfgang"]
[Result "1-0"]
[WhiteElo "2115"]
[BlackElo "2296"]
[PlyCount "65"]
[EventDate "2015.10.01"]
[EventType "tourn (corr)"]
[EventRounds "6"]
[EventCountry "GER"]
[SourceTitle "Corr 2022"]
[Source "ChessBase"]
[SourceDate "2021.10.24"]
[SourceVersion "1"]
[SourceVersionDate "2021.10.24"]
[SourceQuality "1"]

1. d4 Nf6 2. c4 g6 3. Nc3 Bg7 4. e4 d6 5. Be2 0-0 6. Nf3 e5 7. 0-0 Na6 8. Be3 Ng4 9. Bg5 f6 10. Bc1 c6 11. h3 exd4 12. Nxd4 Ne5 13. f4 Nf7 14. Be3 Nc5 15. Qd2 a5 16. b3 Re8 17. Bf3 Bd7 18. Rad1 Qc7 19. Nf5 Nxe4 20. Bxe4 Bxf5 21. Bxf5 gxf5 22. Bd4 Nd8 23. Qd3 Ne6 24. Be3 Bf8 25. Qxf5 Ng7 26. Qd3 f5 27. Bd4 Qf7 28. Rf3 Rac8 29. Kh2 Rcd8 30. Bb6 Ra8 31. Ne2 h5 32. Bd4 a4 33. Rg3 1-0

[Event "CP-2014-Q-00005"]
[Site "LSS email"]
[Date "2014.12.02"]
[Round "?"]
[White "Launhardt, Wolfgang"]
[Black "Mostowik, Daniel"]
[Result "1/2-1/2"]
[WhiteElo "2241"]
[BlackElo "1930"]
[PlyCount "44"]
[EventDate "2014.12.08"]
[EventType "tourn (corr)"]
[EventRounds "6"]
[EventCountry "GER"]
[SourceTitle "Corr 2022"]
[Source "ChessBase"]
[SourceDate "2021.10.24"]
[SourceVersion "1"]
[SourceVersionDate "2021.10.24"]
[SourceQuality "1"]

1. d4 Nf6 2. c4 e6 3. Nc3 d5 4. Nf3 Be7 5. Bf4 c6 6. e3 0-0 7. Qc2 Nbd7 8. cxd5 Nxd5 9. Nxd5 exd5 10. Bd3 h6 11. 0-0 Nf6 12. h3 Re8 13. Be5 Bd6 14. Rfe1 Bxe5 15. Nxe5 Ne4 16. Rac1 Be6 17. f3 Nd6 18. g4 Qh4 19. Kg2 Qd8 20. a4 f6 21. Ng6 Bf7 22. b3 Qd7 1/2-1/2

[Event "CP-2014-Q-00005"]
[Site "LSS email"]
[Date "2014.12.02"]
[Round "?"]
[White "Launhardt, Wolfgang"]
[Black "Muhl, Patrick"]
[Result "1/2-1/2"]
[WhiteElo "2241"]
[BlackElo "2443"]
[PlyCount "80"]
[EventDate "2014.12.08"]
[EventType "tourn (corr)"]
[EventRounds "6"]
[EventCountry "GER"]
[SourceTitle "Corr 2022"]
[Source "ChessBase"]
[SourceDate "2021.10.24"]
[SourceVersion "1"]
[SourceVersionDate "2021.10.24"]
[SourceQuality "1"]

1. d4 Nf6 2. c4 e6 3. Nc3 Bb4 4. e3 b6 5. Nge2 c5 6. a3 Ba5 7. Rb1 Na6 8. Ng3 Bb7 9. f3 0-0 10. Bd3 cxd4 11. exd4 Bxc3+ 12. bxc3 d5 13. cxd5 Nxd5 14. Qc2 Rc8 15. Bd2 h6 16. 0-0 Nb8 17. Rbc1 Nc6 18. Qb2 Nde7 19. Rfe1 Qd6 20. Ne4 Qd8 21. Nf2 Nf5 22. Ng4 Nce7 23. Ne5 Re8 24. a4 Nc6 25. Bf4 Na5 26. Rc2 Qd5 27. Qb4 Qb3 28. Rb1 Qxb4 29. cxb4 Rxc2 30. Bxc2 Nc6 31. Nxc6 Bxc6 32. Bxf5 exf5 33. a5 f6 34. axb6 axb6 35. b5 Bd7 36. Bc7 Rc8 37. Bxb6 Rb8 38. Bc5 Rxb5 39. Rxb5 Bxb5 40. f4 Bd3 1/2-1/2

[Event "CP-2014-Q-00005"]
[Site "LSS email"]
[Date "2014.12.02"]
[Round "?"]
[White "Meyner, Hannes"]
[Black "Launhardt, Wolfgang"]
[Result "1/2-1/2"]
[WhiteElo "2657"]
[BlackElo "2241"]
[PlyCount "84"]
[EventDate "2014.12.08"]
[EventType "tourn (corr)"]
[EventRounds "6"]
[EventCountry "GER"]
[SourceTitle "Corr 2022"]
[Source "ChessBase"]
[SourceDate "2021.10.24"]
[SourceVersion "1"]
[SourceVersionDate "2021.10.24"]
[SourceQuality "1"]

1. d4 Nf6 2. c4 d6 3. Nc3 g6 4. e4 Bg7 5. Be2 0-0 6. Nf3 e5 7. Be3 Nbd7 8. 0-0 b6 9. d5 Nc5 10. Nd2 a5 11. b3 Ne8 12. a3 f5 13. f3 fxe4 14. Ncxe4 Nf6 15. Bg5 Ncxe4 16. Nxe4 Bf5 17. Bd3 Bxe4 18. fxe4 Qd7 19. Qd2 Nh5 20. Be3 Rxf1+ 21. Rxf1 Rf8 22. Rxf8+ Bxf8 23. Be2 Nf6 24. Qd3 Kg7 25. Bd2 Be7 26. Qe3 h5 27. Kf1 Ng4 28. Qh3 Nf6 29. Qxd7 Nxd7 30. b4 axb4 31. axb4 Kf7 32. Bd1 Nf6 33. Bc2 g5 34. Ke2 g4 35. Kd3 Nh7 36. Bd1 Bg5 37. Be1 Nf6 38. h3 Ke7 39. Bf2 Kd7 40. c5 bxc5 41. bxc5 Kc8 42. Bc2 gxh3 1/2-1/2

[Event "WC-2014-S-00003"]
[Site "LSS email"]
[Date "2014.10.12"]
[Round "?"]
[White "Larin, Igor"]
[Black "Launhardt, Wolfgang"]
[Result "1/2-1/2"]
[WhiteElo "2287"]
[BlackElo "2229"]
[PlyCount "47"]
[EventDate "2014.10.15"]
[EventType "tourn (corr)"]
[EventRounds "12"]
[EventCountry "GER"]
[SourceTitle "Corr 2024"]
[Source "ChessBase"]
[SourceDate "2023.10.19"]
[SourceVersion "1"]
[SourceVersionDate "2023.10.19"]
[SourceQuality "1"]

1. e4 d6 2. d4 Nf6 3. Nc3 g6 4. f3 c6 5. Be3 Bg7 6. Qd2 b5 7. h4 h5 8. Nh3 Nbd7 9. 0-0-0 Nb6 10. Qe1 Nc4 11. Bxc4 bxc4 12. Qe2 d5 13. Ng5 0-0 14. e5 Ne8 15. g4 Rb8 16. gxh5 gxh5 17. Bf4 Qb6 18. b3 Rb7 19. Na4 Qb4 20. c3 Qa3+ 21. Qb2 Qxb2+ 22. Kxb2 f6 23. exf6 exf6 24. Nh3 1/2-1/2

[Event "WC-2014-S-00003"]
[Site "LSS email"]
[Date "2014.10.12"]
[Round "?"]
[White "Launhardt, Wolfgang"]
[Black "Miettinen, Kristo"]
[Result "1-0"]
[WhiteElo "2229"]
[BlackElo "2260"]
[PlyCount "121"]
[EventDate "2014.10.15"]
[EventType "tourn (corr)"]
[EventRounds "12"]
[EventCountry "GER"]
[SourceTitle "Corr 2024"]
[Source "ChessBase"]
[SourceDate "2023.10.19"]
[SourceVersion "1"]
[SourceVersionDate "2023.10.19"]
[SourceQuality "1"]

1. d4 g6 2. c4 Bg7 3. Nc3 Nf6 4. g3 c6 5. e4 d6 6. Bg2 0-0 7. Nge2 Nbd7 8. 0-0 e5 9. h3 exd4 10. Nxd4 a5 11. Be3 Re8 12. Qc2 Nc5 13. Rad1 Qe7 14. Rfe1 a4 15. b4 axb3 16. axb3 Na6 17. f4 Nb4 18. Qd2 Qf8 19. g4 Nd7 20. Na4 Na6 21. Bf2 Nc7 22. f5 Ra6 23. g5 f6 24. Rf1 Qe7 25. h4 Ne5 26. Bg3 Rd8 27. Nf3 Nf7 28. fxg6 hxg6 29. h5 Ne6 30. hxg6 Ne5 31. gxf6 Bxf6 32. Qh6 Qg7 33. Qxg7+ Kxg7 34. Nxe5 dxe5 35. Rxd8 Bxd8 36. Bxe5+ Kxg6 37. Bh3 b5 38. Nc5 Nxc5 39. Bxc8 Ra2 40. cxb5 cxb5 41. Bf5+ Kf7 42. Bg4+ Kg6 43. Rf8 Nd3 44. Bd4 Bc7 45. Rf5 Bg3 46. Kf1 Nf4 47. Rf8 Kg5 48. Rg8+ Kh6 49. Bf5 Bh4 50. Bg7+ Kh5 51. Rh8+ Kg5 52. Bd4 b4 53. Rg8+ Kh6 54. Bg7+ Kh5 55. Rh8+ Kg5 56. Bd4 Re2 57. Bf6+ Kxf6 58. Rxh4 Re1+ 59. Kxe1 Ng2+ 60. Kf2 Nxh4 61. Bh7 1-0

[Event "WC-2014-S-00003"]
[Site "LSS email"]
[Date "2014.10.12"]
[Round "?"]
[White "Zakharov, Oleg"]
[Black "Launhardt, Wolfgang"]
[Result "1/2-1/2"]
[WhiteElo "2281"]
[BlackElo "2229"]
[PlyCount "51"]
[EventDate "2014.10.15"]
[EventType "tourn (corr)"]
[EventRounds "12"]
[EventCountry "GER"]
[SourceTitle "Corr 2024"]
[Source "ChessBase"]
[SourceDate "2023.10.19"]
[SourceVersion "1"]
[SourceVersionDate "2023.10.19"]
[SourceQuality "1"]

1. d4 Nf6 2. Nf3 d6 3. c4 g6 4. Nc3 Bg7 5. e4 0-0 6. Be2 Na6 7. 0-0 e5 8. Be3 Ng4 9. Bg5 Qe8 10. dxe5 dxe5 11. h3 f6 12. Bd2 Nh6 13. Be3 c6 14. c5 Nc7 15. Qb3+ Kh8 16. Bc4 Nf7 17. Rad1 Qe7 18. Rd2 Ne6 19. Re1 f5 20. exf5 gxf5 21. Rdd1 Re8 22. g3 Qf6 23. Ne2 Rf8 24. Kh2 a5 25. Qc3 a4 26. Nd2 1/2-1/2

[Event "CP-2012-Q-00009"]
[Site "LSS email"]
[Date "2013.12.17"]
[Round "?"]
[White "Bendig, Frank"]
[Black "Launhardt, Wolfgang"]
[Result "1/2-1/2"]
[WhiteElo "2145"]
[BlackElo "2163"]
[PlyCount "98"]
[EventDate "2013.12.22"]
[EventType "tourn (corr)"]
[EventRounds "6"]
[EventCountry "GER"]
[SourceTitle "Corr 2015"]
[Source "ChessBase"]
[SourceDate "2015.07.17"]
[SourceVersion "1"]
[SourceVersionDate "2015.07.17"]
[SourceQuality "1"]

1. d4 Nf6 2. Bg5 g6 3. Bxf6 exf6 4. e3 c6 5. c4 d6 6. Nc3 Bg7 7. Nge2 0-0 8. Nf4 f5 9. Be2 Re8 10. Qc2 Nd7 11. Rd1 Nf6 12. 0-0 b6 13. Bf3 Bd7 14. Nfe2 a5 15. h3 Rc8 16. Qb3 Ne4 17. Bxe4 fxe4 18. Rc1 Rb8 19. Qa3 Qe7 20. Rfd1 g5 21. Ng3 f5 22. b3 Rf8 23. Re1 Be8 24. Qb2 Qe6 25. d5 cxd5 26. cxd5 Qe5 27. Qd2 b5 28. Nce2 f4 29. Nf1 Rb7 30. Qxa5 fxe3 31. Nxe3 Rbf7 32. Qb4 h5 33. Rf1 g4 34. hxg4 Bd7 35. Rc7 hxg4 36. Ng3 Qg5 37. Nxe4 Qh5 38. Ng3 Qg5 39. Re1 Be5 40. Nef1 Qh4 41. Qe4 Qg5 42. Qe3 Qd8 43. Rc2 Rh7 44. b4 Rf4 45. a3 Qf8 46. Ree2 Bd4 47. Qd3 Bb6 48. Qb3 Rhf7 49. Qb2 Bd4 1/2-1/2

[Event "CP-2012-Q-00009"]
[Site "LSS email"]
[Date "2013.12.17"]
[Round "?"]
[White "Tylecek, Drahomir"]
[Black "Launhardt, Wolfgang"]
[Result "1/2-1/2"]
[WhiteElo "2059"]
[BlackElo "2163"]
[PlyCount "67"]
[EventDate "2013.12.22"]
[EventType "tourn (corr)"]
[EventRounds "6"]
[EventCountry "GER"]
[SourceTitle "Corr 2015"]
[Source "ChessBase"]
[SourceDate "2015.07.17"]
[SourceVersion "1"]
[SourceVersionDate "2015.07.17"]
[SourceQuality "1"]

1. e4 d6 2. d4 Nf6 3. Nc3 g6 4. Nf3 Bg7 5. Be2 0-0 6. 0-0 Bg4 7. Be3 Nfd7 8. Qd2 Nc6 9. Rad1 Re8 10. a3 e6 11. Rfe1 Rb8 12. h3 Bxf3 13. Bxf3 a6 14. Na2 Qe7 15. Nb4 Nxb4 16. axb4 e5 17. c3 exd4 18. cxd4 c6 19. Bg5 Bf6 20. Bh6 Bg7 21. Be3 h5 22. Bg5 Bf6 23. Bf4 Bg7 24. h4 Rbc8 25. g3 Nf8 26. Be3 Ne6 27. Bg2 Nf8 28. Rc1 Nh7 29. Re2 Ra8 30. Bf4 Nf6 31. Re3 Ng4 32. Ree1 Nf6 33. Qc3 Qc7 34. Rcd1 1/2-1/2

[Event "WC-2013-Q-00010"]
[Site "LSS email"]
[Date "2013.10.22"]
[Round "?"]
[White "Albuquerque, Wellington"]
[Black "Launhardt, Wolfgang"]
[Result "1/2-1/2"]
[WhiteElo "2246"]
[BlackElo "2200"]
[PlyCount "78"]
[EventDate "2013.10.27"]
[EventType "tourn (corr)"]
[EventRounds "12"]
[EventCountry "GER"]
[SourceTitle "Corr 2022"]
[Source "ChessBase"]
[SourceDate "2021.10.24"]
[SourceVersion "1"]
[SourceVersionDate "2021.10.24"]
[SourceQuality "1"]

1. c4 e5 2. g3 d6 3. Nc3 g6 4. Bg2 Bg7 5. d3 Nf6 6. e4 0-0 7. Nge2 Na6 8. 0-0 c6 9. h3 Nc5 10. Be3 Ne6 11. d4 exd4 12. Nxd4 Nxd4 13. Bxd4 Be6 14. Qd3 Qa5 15. Rfd1 Rad8 16. Ne2 Nd7 17. b3 Nc5 18. Qd2 Qxd2 19. Rxd2 Bxd4 20. Nxd4 Rfe8 21. Rad1 Bc8 22. f3 Kf8 23. Kf2 Ke7 24. a3 a5 25. b4 axb4 26. axb4 Na6 27. b5 Nb4 28. Bf1 Be6 29. Nxe6 fxe6 30. h4 c5 31. f4 d5 32. exd5 exd5 33. Bg2 dxc4 34. Rxd8 Rxd8 35. Rxd8 Kxd8 36. Bxb7 c3 37. Ke2 Nc2 38. b6 Nd4+ 39. Kd3 c2 1/2-1/2